| 000 | 01179naa a22003137a 4500 | ||
|---|---|---|---|
| 001 | BR6500215 | ||
| 003 | BR-BrBNA | ||
| 005 | 20240918173256.0 | ||
| 007 | ta | ||
| 008 | 230509b bl.||||| |||| 00| 0 por d | ||
| 040 |
_aBR-BrBNA _bpor _cBiblioteca Nacional de Agricultura |
||
| 041 | _a(Pt) | ||
| 072 |
_aL74 _b5212 _b4390 |
||
| 090 | _aL74 BR6500215 | ||
| 100 | 1 | _aBauer, A.G. | |
| 100 | 1 | _aLaranja, R.J. | |
| 100 | 1 | _aSantos, A.G. dos | |
| 111 | 1 |
_a4. Conferencia da Sociedade de Veterinaria do Rio Grande do Sul _cPorto Alegre, RS (Brazil) _d19 Jul 1965 |
|
| 245 | 1 |
_aSobre a etiologia do chamado mal do eucalipto [bovino, intoxicacao] _bNota previa |
|
| 260 | 3 |
_aPorto Alegre, RS (Brasil): _c1965. |
|
| 500 | _aAnais da 4. Conferencia da Sociedade de Veterinaria do Rio Grande do Sul Porto Alegre, RS (Brasil): 1965. p. 65-69 (BR6500215-AM)L74 | ||
| 650 | _aBOVINO | ||
| 650 | _aCOGUMELO | ||
| 650 | _aALCALOIDE | ||
| 650 | _aINTOXICACAO ANIMAL | ||
| 773 | 0 |
_tAnais da 4. Conferencia da Sociedade de Veterinaria do Rio Grande do Sul _wL74 BR6500215 _gPorto Alegre, RS (Brasil), 1965. p. 65-69 |
|
| 909 |
_a202404 _bLucia _c55 _dLucia Elande |
||
| 942 |
_cAM _2AGRIS |
||
| 999 |
_c303718 _d303718 |
||